Les Solennités du calendrier de l'Eglise catholique - Statistiques

Statistiques générales
  • Ce quiz a été pris 147 fois
  • Le résultat moyen est 10 sur 17
Statistiques - réponses
Date Indice Fête % Correct
25 décembre N Nativité
95%
Variable P Pâques
92%
15 août A Assomption
91%
6 janvier E Epiphanie
90%
1er novembre T Toussaint
83%
Variable A Ascension
73%
24 juin SJB Saint Jean-Baptiste
70%
Variable P Pentecôte
66%
8 décembre IC Immaculée Conception
60%
29 juin SPSP (2) Saint-Pierre Saint-Paul
49%
19 mars SJ Saint Joseph
44%
25 mars ADS Annonciation du Seigneur
43%
Variable CR Christ Roi
40%
1er janvier MMDD Marie Mère de Dieu
31%
Variable ST Sainte Trinité
27%
Variable SCDJ Sacré-Coeur de Jésus
25%
Variable TSCESDC Très Saint Corps et Sang du Christ
10%
Aucun quiz correspondant
Distribution des résultats
% des personnes avec chaque résultat
Percentile par nombre de réponses
Votre historique - résultats
Vous n’avez pas pris ce quiz